Online
Catalog

Guía salud emocional :. : (Record no. 46026)

MARC details
000 -CABECERA
campo de control de longitud fija 00499nam a2200145 a 4500
001 - NÚMERO DE CONTROL
campo de control 000046537
005 - FECHA Y HORA DE LA ÚLTIMA TRANSACCIÓN
campo de control 20201002052937.0
008 - DATOS DE LONGITUD FIJA--INFORMACIÓN GENERAL
campo de control de longitud fija 150824s2015 000 spa d
020 ## - NÚMERO INTERNACIONAL ESTÁNDAR DEL LIBRO
Número Internacional Estándar del Libro 9789945594096
040 ## - FUENTE DE LA CATALOGACIÓN
Centro catalogador/agencia de origen DO-SdBNP
Lengua de catalogación spa
Centro/agencia transcriptor BNPHU
100 1# - ENTRADA PRINCIPAL--NOMBRE DE PERSONA
Nombre de persona González, Fabián
9 (RLIN) 74524
245 #0 - MENCIÓN DE TÍTULO
Título Guía salud emocional :. :
Resto del título proyecto creciendo en bienestar, escuela de familias /
Mención de responsabilidad, etc. Fabián González.
260 ## - PUBLICACIÓN, DISTRIBUCIÓN, ETC.
Lugar de publicación, distribución, etc. Santo Domingo, República Dominicana, :
Nombre del editor, distribuidor, etc. INTEC,
Fecha de publicación, distribución, etc. 2015.
300 ## - DESCRIPCIÓN FÍSICA
Extensión 29 p. :
Otras características físicas il. : ;
Dimensiones 26 cm.
Holdings
Estado de retiro Estado de pérdida Restricciones de uso No para préstamo Código de colección Localización permanente Ubicación/localización actual Ubicación en estantería Fecha de adquisición Número de inventario Total de préstamos Signatura topográfica completa Código de barras Fecha visto por última vez Precio válido a partir de Tipo de ítem Koha
        Monografías: Libros y Folletos General General Orden iniciada 24.08.2015 LF1   46537-30 25.06.2020 25.06.2020 No se presta
        Monografías: Libros y Folletos Patrimonio Dominicano Patrimonio Dominicano Orden iniciada 24.08.2015 LF1   46537-10 25.06.2020 25.06.2020 No se presta
        Monografías: Libros y Folletos Patrimonio Dominicano Patrimonio Dominicano Orden iniciada 24.08.2015 LF1   46537-20 25.06.2020 25.06.2020 No se presta

Powered by Koha